00518nam a2200193 a 4500001001300000003000900013005001700022008004100039020000800080082001500088100001800103245004500121260004000166300000900206500003500215505002400250650003200274700001800306nice12345678IN_TiNIC20260116012138.0050524s0000 dela grp 000 0 urd  ac500a297.8bZAK aZakaria, Mohd aJamaat Tableegh Par Eterazaat Ke Jawbaat aDelhibIdara-E-Ishaat Diniyatc0000 a136p aincludes index and biblioraphy2 aBibliography, index aIslam-Sects-Conflicts-Sunni1 aZakaria, Mohd